000 00691nam a22002057a 4500
999 _c9683
_d9683
003 AR-CdUCM
008 190328b ||||| |||| 00| 0 spa d
040 _aMUNICIPALIDAD PROVINCIAL DEL CUSCO
_cBIBLIOTECA MUNICIPAL DEL CUSCO
082 _aC / 869.56 /
_bG62I
100 _aGómez, Livio
_914653
245 _aIndice de la Paz en la Poesia Peruana y Chilena /
260 _aPerú :
_bUniversidad Agraria "La Molina" ,
_c1966.
300 _c21 cm.
500 _aContiene dedicatoria a Luis Nieto del mismo autor del libro.
650 _aPoesia Peruana
_9280
650 _aPoesia Latinoamericana
_92147
650 _aPoesia Peruana - Chilena
_926050
942 _2ddc
_cLIBROS
945 _artm